Capitales des Etats et Territoires non-reconnus - Statistiques

Statistiques générales
  • Ce quiz a été pris 72 fois
    60 depuis la dernière actualisation
  • Le résultat moyen est 18 sur 44
Statistiques - réponses
Etats/Territoires Réponse % Correct
Hong Kong Hong Kong
86%
Macao Macao
82%
Groenland Nuuk
82%
Ile Man Douglas
73%
Chypre du Nord Nicosie
73%
Gibraltar Gibraltar
68%
Aruba Oranjestad
64%
Saint-Eustache Oranjestad
64%
Palestine Ramallah
59%
Porto Rico San Juan
59%
Transnistrie Tiraspol
55%
Iles Féroé Torshavn
55%
Bermudes Hamilton
50%
Saint-Pierre-et-Miquelon Saint-Pierre
50%
Ile Norfolk Kingston
45%
Iles Pitcairn Adamstown
41%
Samoa américaines Pago Pago
41%
Anguilla The Valley
41%
Curaçao Willemstad
41%
République arabe sahraouie démocratique Lâayoune
36%
Abkhazie Soukhoumi
36%
Iles Cook Avarua
32%
Ile Christmas Flying Fish Cove
32%
Ile Caïmans George Town
32%
Saint-Barthélemy Gustavia
32%
Svalbard et Jan Mayen Longyearbyen
32%
Sint Maarten Philipsburg
32%
Iles Vierges des États-Unis Charlotte Amalie
27%
Guam Hagatna
27%
Sainte-Hélène, Ascension et Tristan da Cunha Jamestown
27%
Bonaire Kralendijk
27%
Jersey Saint Helier
27%
Saba The Bottom
27%
Ossétie du Sud Tskhinvali
27%
Iles Turques-et-Caïques Cockburn Town
23%
Tokelau Fakaofo
23%
Somaliland Hargeisa
23%
Iles Malouines Port Stanley
23%
Iles Mariannes du Nord Saipan
23%
Ile Cocos (Keeling) West Island
23%
Montserrat Plymouth
18%
Iles Vierges britanniques Road Town
18%
Guernesey Saint Peter
18%
Haut Karabagh Stepanakert
18%
Aucun quiz correspondant
Distribution des résultats
% des personnes avec chaque résultat
Percentile par nombre de réponses
Votre historique - résultats
Vous n’avez pas pris ce quiz depuis la dernière actualisation